Ako si udržať psychickú pohodu v čase pandémie

Bibliographic Details
Main Author: Hupková, Ingrid (Author)
Format: Article
Language:Slovak
ISSN:0139-6919
Subjects:

MARC

LEADER 00000nab a2200000 4500
001 vtls011976349
003 SK-MaSNL
005 20260303095732.0
008 200624|2020 xo |||| ||an ||00 0|slo
015 |a SNBRB2020/06 
040 |a SPKCL  |b slo  |e rda 
041 |a slo 
044 |a xo  |c SK 
072 7 |a 616  |x Patológia. Klinická medicína  |2 konspekt 
080 |a 616-036.21  |2 2011 
100 1 |a Hupková, Ingrid  |4 aut  |9 12131 
245 1 0 |a Ako si udržať psychickú pohodu v čase pandémie  |c Ingrid Hupková 
336 |a text  |b txt  |2 rdacontent 
337 |a bez média  |b n  |2 rdamedia 
338 |a zväzok  |b nc  |2 rdacarrier 
546 |a Slovenské resumé 
650 0 7 |a psychika  |2 snkbucl  |9 338615 
650 0 7 |a pandémie  |2 snkbucl  |9 59320 
773 0 |t Vychovávateľ  |g Roč. 68, č. 5-6 (2020), s. 54-55  |x 0139-6919 
787 0 8 |i Rec.: 
958 |a NB 
999 |c 1826413  |d 1828343